| 000 | 02556cam a2200481 i 4500 | ||
|---|---|---|---|
| 001 | 23208967 | ||
| 005 | 20250507162922.0 | ||
| 008 | 230602s2024 mau b 001 0 eng | ||
| 010 | _a 2023008350 | ||
| 020 | _a9780674290372 | ||
| 037 | _cTB | ||
| 040 |
_aCRL _beng _erda _cCRL _dCRL |
||
| 041 |
_2eng _aeng |
||
| 042 | _apcc | ||
| 043 | _aa-ii--- | ||
| 050 | 0 | 0 |
_aJQ281 _b.S85 2024 |
| 084 |
_aW6.2 R4 _qCRL |
||
| 100 | 1 |
_aSultan, Nazmul, _eauthor. _9755446 |
|
| 245 | 1 | 0 |
_aWaiting for the people: _bthe idea of democracy in Indian anticolonial thought |
| 260 |
_aCambridge, Massachusetts ; _aLondon, England : _bThe Belknap Press of Harvard University Press, _c2024. |
||
| 264 | 1 | _c2024. | |
| 300 |
_avi, 301p. ; _c24 cm |
||
| 336 |
_atext _btxt _2rdacontent |
||
| 337 |
_aunmediated _bn _2rdamedia |
||
| 338 |
_avolume _bnc _2rdacarrier |
||
| 365 |
_b699.00 _cINR |
||
| 504 | _aIncludes bibliographical references and index. | ||
| 505 | 0 | 0 |
_tA Global Hierarchy of Peoples: The Rise of Developmentalism in the Nineteenth Century -- _tThe Birth of the People: Liberalism and the Origins of the Anticolonial Democratic Project in India -- _tThe Colonial Paradox of Peoplehood: Swaraj and the Gandhian Moment -- _tBetween the Many and the One: Anticolonial Federalism and Popular Sovereignty -- _tTo "Carry" the People through History: Postcolonial Founding and the Idea of Independence -- _tThe Two Times of the People: The Boundary Problem, or the Burden of Unity. |
| 520 |
_a"Nazmul Sultan explores Indian contributions to democratic theory, as anticolonial thinkers developed principles of peoplehood and self-rule. Indians contested British claims that the "backwardness" of the Indian people offered a democratic justification for imperial domination."-- _cProvided by publisher. |
||
| 650 | 0 |
_aDemocracy _zIndia. _9755447 |
|
| 650 | 0 | _aSovereignty. | |
| 650 | 0 |
_aLiberalism _zIndia _xHistory. _9755448 |
|
| 650 | 0 |
_aSelf-determination, National _zIndia. _9755449 |
|
| 650 | 0 |
_aAnti-imperialist movements _zIndia. _9755450 |
|
| 650 | 0 |
_aDecolonization _zIndia. _9755451 |
|
| 650 | 0 |
_aPostcolonialism _zIndia. _9755452 |
|
| 651 | 0 |
_aIndia _xPolitics and government _y19th century. _9755453 |
|
| 651 | 0 |
_aIndia _xPolitics and government _y20th century. _9755454 |
|
| 906 |
_a7 _bcbc _corignew _d1 _eecip _f20 _gy-gencatlg |
||
| 942 |
_2CC _cTB _hW6.2 R4 _n0 |
||
| 999 |
_c1320365 _d1320365 |
||